| 000 | 00657nam a22002537a 4500 | ||
|---|---|---|---|
| 003 | UA-OsUOA | ||
| 001 | 26104 | ||
| 007 | ta | ||
| 008 | 20040512b un ||||| |||| 00| 0 ukr d | ||
| 100 | _aСтолярчук богдан | ||
| 090 |
_a398.0 _bС81 |
||
| 942 | _cBK | ||
| 040 |
_aUA-OsUOA _bukr _cUA-OsUOA _dUA-OsUOA |
||
| 245 |
_aФольклористи Рівненщини _bБібліографічний довідник |
||
| 300 | _a76 с. | ||
| 955 | _a0 | ||
| 041 | _aukr | ||
| 080 | _a398.0 | ||
| 260 |
_aРівне _c1995 |
||
| 044 | _aUA | ||
| 250 | _n2-е вид., перероб. та доп. | ||
| 650 | 7 | _2UDC | |
| 999 |
_c312415 _d312415 |
||